[Event "El Prat de Llobregat op 3rd"]
[Site "El Prat de Llobregat"]
[Date "2022.10.21"]
[Round "4"]
[White "Onate Diaz, Manuel"]
[Black "Diaz Carrasco, Sergio"]
[Result "0-1"]
[WhiteElo "1336"]
[BlackElo "1990"]
[PlyCount "74"]
[EventDate "2022.09.30"]
[EventType "swiss"]
[EventRounds "9"]
[EventCountry "ESP"]
[SourceTitle "EXT 2024"]
[Source "ChessBase"]
[SourceDate "2023.10.10"]
[SourceVersion "1"]
[SourceVersionDate "2023.10.10"]
[SourceQuality "1"]

1. e4 d5 2. exd5 Nf6 3. Bb5+ Bd7 4. Be2 Nxd5 5. d4 e6 6. Nf3 c5 7. Ne5 cxd4 8. Qxd4 Nc6 9. Nxc6 Bxc6 10. 0-0 Qc7 11. c4 e5 12. Qd1 Nf6 13. Nc3 Be7 14. Be3 0-0 15. f3 Rad8 16. Qc2 Nd7 17. Bd3 h6 18. Ne4 f5 19. Nd2 e4 20. Be2 Bc5 21. Bxc5 Nxc5 22. fxe4 Bxe4 23. Nxe4 Nxe4 24. Bd3 Qc5+ 25. Kh1 Rd4 26. Bxe4 Rxe4 27. b3 b5 28. Rac1 Rc8 29. Rfd1 bxc4 30. b4 Qxb4 31. Rb1 Qe7 32. Qf2 c3 33. Re1 c2 34. Rbc1 Rxe1+ 35. Qxe1 Qxe1+ 36. Rxe1 c1Q 37. Rxc1 Rxc1# 0-1

[Event "Barcelona Sant Marti op-B 22nd"]
[Site "Barcelona"]
[Date "2022.07.15"]
[Round "3"]
[White "Onate Diaz, Manuel"]
[Black "Subirana Santos, Marc"]
[Result "0-1"]
[WhiteElo "1320"]
[BlackElo "1559"]
[PlyCount "72"]
[EventDate "2022.07.13"]
[EventType "swiss"]
[EventRounds "9"]
[EventCountry "ESP"]
[SourceTitle "CBM 210 Extra"]
[Source "ChessBase"]
[SourceDate "2022.11.30"]
[SourceVersion "1"]
[SourceVersionDate "2022.11.30"]
[SourceQuality "1"]

1. d4 Nf6 2. g3 g6 3. Bf4 Bg7 4. Bg2 d6 5. e4 0-0 6. e5 Nh5 7. Nf3 c5 8. Qd2 Nxf4 9. gxf4 dxe5 10. fxe5 cxd4 11. 0-0 Nc6 12. Re1 Qb6 13. c3 dxc3 14. Nxc3 Bf5 15. Nd5 Qd8 16. Qd1 Be6 17. Ng5 Bxd5 18. Bxd5 e6 19. Nxe6 fxe6 20. Bxe6+ Kh8 21. Qg4 Qb6 22. Qg3 Nd4 23. Bb3 Nf3+ 24. Kg2 Nxe1+ 25. Rxe1 Qc6+ 26. f3 Rae8 27. Re4 Qc5 28. f4 Qc1 29. Re2 Qc6+ 30. Kh3 Rf5 31. Kg4 a5 32. Rc2 Qe4 33. e6 h5+ 34. Kh3 Rxf4 35. Rc4 Qf5+ 36. Kg2 Rxc4 0-1